Качество речных вод и проблемы управления водопользованием в бассейне реки Томи; Вычислительные технологии; Т. 11, ч. 2
| Parent link: | Вычислительные технологии.— , 1996- Т. 11, ч. 2.— 2006.— [С. 67-78] |
|---|---|
| প্রধান লেখক: | |
| অন্যান্য লেখক: | |
| সংক্ষিপ্ত: | Заглавие с экрана В пределах бассейна реки Томи сосредоточены значительные ресурсы речных и подземных вод (среднемноголетний объем годового стока Томи у г. Томска - 32.52 км{3}). На отдельных участках этой территории при определенных условиях возможны проблемы с критически низким меженным водным стоком, что может негативно сказаться на качестве речных вод и состоянии водной экосистемы из-за ухудшения условий разбавления сбрасываемых в реку стоков. Тем не менее наиболее серьезные ограничения по использованию речных вод в бассейне реки Томи все же связаны не с их дефицитом, а с несоответствием качества под российским нормативам по величине ХПК и БПК[5], содержанию микроорганизмов, нефтепродуктов, NO[2]{-}, NH[4]{+}, железа, марганца, меди, цинка и ряда других веществ. При этом необходимо отметить, что использование термина "загрязнение" для описания ситуаций, связанных с повсеместным нарушением установленных ПДК, в ряде случаев некорректно, поскольку повышенные (относительно ПДК) значения ХПК, концентрации железа, азота аммонийного и нитритного, марганца, меди и других веществ часто связаны с действием природных факторов. Одним из них является интенсивность водообмена, со снижением которой увеличиваются минерализация и величина ХПК речных вод, уменьшаются концентрации растворенного кислорода. |
| ভাষা: | রুশ |
| প্রকাশিত: |
2006
|
| বিষয়গুলি: | |
| অনলাইন ব্যবহার করুন: | http://www.ict.nsc.ru/jct/content/t11n12/Shvartsev_n.pdf |
| বিন্যাস: | MixedMaterials বৈদ্যুতিক গ্রন্থের অধ্যায় |
| KOHA link: | https://koha.lib.tpu.ru/cgi-bin/koha/opac-detail.pl?biblionumber=656432 |
MARC
| LEADER | 00000naa0a2200000 4500 | ||
|---|---|---|---|
| 001 | 656432 | ||
| 005 | 20250403165928.0 | ||
| 035 | |a (RuTPU)RU\TPU\network\22873 | ||
| 035 | |a RU\TPU\network\22867 | ||
| 090 | |a 656432 | ||
| 100 | |a 20171113d2006 k||y0rusy50 ca | ||
| 101 | 0 | |a rus | |
| 102 | |a RU | ||
| 135 | |a drnn ---uucaa | ||
| 181 | 0 | |a i | |
| 182 | 0 | |a b | |
| 200 | 1 | |a Качество речных вод и проблемы управления водопользованием в бассейне реки Томи |f С. Л. Шварцев, О. Г. Савичев | |
| 203 | |a Текст |c электронный | ||
| 300 | |a Заглавие с экрана | ||
| 320 | |a [Библиогр.: с. 77-78 (22 назв.)] | ||
| 330 | |a В пределах бассейна реки Томи сосредоточены значительные ресурсы речных и подземных вод (среднемноголетний объем годового стока Томи у г. Томска - 32.52 км{3}). На отдельных участках этой территории при определенных условиях возможны проблемы с критически низким меженным водным стоком, что может негативно сказаться на качестве речных вод и состоянии водной экосистемы из-за ухудшения условий разбавления сбрасываемых в реку стоков. Тем не менее наиболее серьезные ограничения по использованию речных вод в бассейне реки Томи все же связаны не с их дефицитом, а с несоответствием качества под российским нормативам по величине ХПК и БПК[5], содержанию микроорганизмов, нефтепродуктов, NO[2]{-}, NH[4]{+}, железа, марганца, меди, цинка и ряда других веществ. При этом необходимо отметить, что использование термина "загрязнение" для описания ситуаций, связанных с повсеместным нарушением установленных ПДК, в ряде случаев некорректно, поскольку повышенные (относительно ПДК) значения ХПК, концентрации железа, азота аммонийного и нитритного, марганца, меди и других веществ часто связаны с действием природных факторов. Одним из них является интенсивность водообмена, со снижением которой увеличиваются минерализация и величина ХПК речных вод, уменьшаются концентрации растворенного кислорода. | ||
| 461 | |t Вычислительные технологии |d 1996- | ||
| 463 | |t Т. 11, ч. 2 |v [С. 67-78] |d 2006 | ||
| 610 | 1 | |a электронный ресурс | |
| 610 | 1 | |a труды учёных ТПУ | |
| 610 | 1 | |a гидрохимия | |
| 610 | 1 | |a качество воды | |
| 610 | 1 | |a антропогенные факторы | |
| 610 | 1 | |a природные факторы | |
| 610 | 1 | |a Томь | |
| 610 | 1 | |a обзоры | |
| 700 | 1 | |a Шварцев |b С. Л. |c российский гидрогеолог, доктор геолого-минералогических наук |c профессор Томского политехнического университета, академик РАЕН |f 1936- |g Степан Львович |3 (RuTPU)RU\TPU\pers\25914 | |
| 701 | 1 | |a Савичев |b О. Г. |c геолог |c профессор Томского политехнического университета, доктор географических наук |f 1967- |g Олег Геннадьевич |3 (RuTPU)RU\TPU\pers\25454 |9 11394 | |
| 801 | 2 | |a RU |b 63413507 |c 20171113 |g RCR | |
| 856 | 4 | 0 | |u http://www.ict.nsc.ru/jct/content/t11n12/Shvartsev_n.pdf |
| 942 | |c CF | ||